Pensar Europa: la metamorfosis de un continente

Guardat en:
Dades bibliogràfiques
Autor principal: Morin, Edgar (autor)
Format: Llibre
Idioma:espanyol
Publicat: Barcelona Gedisa 2003
Edició:4a. ed
Col·lecció:Cla De Ma Política
Matèries:
Etiquetes: Afegir etiqueta
Sense etiquetes, Sigues el primer a etiquetar aquest registre!

MARC

LEADER 00000cam a2200000 a 4500
001 UCD4537
003 CL-VaPUC
008 160713e20030000sp |||||||||||||||||spa|d
020 |a 8474323002 
082 0 4 |a 940  |b MOR  |2 21 
100 |a Morin, Edgar  |e autor  |9 459920 
245 1 0 |a Pensar Europa: la metamorfosis de un continente 
250 |a 4a. ed 
300 |a 184 p 
942 |c BK 
945 |d 20160713 20:53:00  |a dcastane 
260 |a Barcelona  |b Gedisa  |c 2003 
650 0 |a Civilización europea  |9 432982 
650 0 |a Historia de Europa  |9 392003 
651 0 |a Europa  |9 255156 
583 |a last modification  |c 20160713 20:53:00  |k Rodrigo Vera 
490 0 |a Cla De Ma Política 
999 |c 365429  |d 365427 
952 |0 0  |1 0  |3 erb  |4 0  |6 940_000000000000000_MOR_2003  |7 0  |8 A  |9 479291  |a FDOHBE  |b FDOHBE  |e Huesbe Llanos, Marco Antonio, 1934-  |i 5307384  |o 940 MOR 2003  |p 5307384  |r 2024-01-30  |w 2019-11-24  |y BK  |z Catalogado en:20160713  |k HBE